<?xml version="1.0" encoding="UTF-8"?>
<record
    xmlns:xsi="http://www.w3.org/2001/XMLSchema-instance"
    xsi:schemaLocation="http://www.loc.gov/MARC21/slim http://www.loc.gov/standards/marcxml/schema/MARC21slim.xsd"
    xmlns="http://www.loc.gov/MARC21/slim">

  <leader>01886cam a22003735i 4500</leader>
  <controlfield tag="001">016858041</controlfield>
  <controlfield tag="003">EG-ScBUE</controlfield>
  <controlfield tag="005">20230112102105.0</controlfield>
  <controlfield tag="006">m    f   m  00| 0</controlfield>
  <controlfield tag="007">ad aazaa</controlfield>
  <controlfield tag="008">140826s2013    cc a   f      000 0 mul d</controlfield>
  <datafield tag="020" ind1=" " ind2=" ">
    <subfield code="a">9789881997340 (set)</subfield>
  </datafield>
  <datafield tag="040" ind1=" " ind2=" ">
    <subfield code="a">StDuBDS</subfield>
    <subfield code="b">eng</subfield>
    <subfield code="e">rda</subfield>
    <subfield code="c">StDuBDS</subfield>
    <subfield code="d">Uk</subfield>
    <subfield code="d">EG-ScBUE</subfield>
  </datafield>
  <datafield tag="041" ind1="0" ind2=" ">
    <subfield code="a">eng</subfield>
    <subfield code="a">chi</subfield>
  </datafield>
  <datafield tag="082" ind1="0" ind2="4">
    <subfield code="a">729.0285536</subfield>
    <subfield code="b">INT</subfield>
    <subfield code="2">22</subfield>
  </datafield>
  <datafield tag="245" ind1="0" ind2="0">
    <subfield code="a">Interior details CAD construction atlas /</subfield>
    <subfield code="c">chief editor, Wang Yu.</subfield>
  </datafield>
  <datafield tag="264" ind1=" " ind2="1">
    <subfield code="a">Hong Kong :</subfield>
    <subfield code="b">Artpower,</subfield>
    <subfield code="c">2013.</subfield>
  </datafield>
  <datafield tag="300" ind1=" " ind2=" ">
    <subfield code="a">4 volumes :</subfield>
    <subfield code="b">illustrations (black and white) ;</subfield>
    <subfield code="c">28 cm +</subfield>
    <subfield code="e">1 DVD</subfield>
  </datafield>
  <datafield tag="336" ind1=" " ind2=" ">
    <subfield code="2">rdacontent</subfield>
    <subfield code="a">text</subfield>
    <subfield code="b">txt</subfield>
  </datafield>
  <datafield tag="336" ind1=" " ind2=" ">
    <subfield code="2">rdacontent</subfield>
    <subfield code="a">spoken word</subfield>
    <subfield code="b">spw</subfield>
  </datafield>
  <datafield tag="337" ind1=" " ind2=" ">
    <subfield code="2">rdamedia</subfield>
    <subfield code="a">unmediated</subfield>
    <subfield code="b">n</subfield>
  </datafield>
  <datafield tag="337" ind1=" " ind2=" ">
    <subfield code="2">rdamedia</subfield>
    <subfield code="a">video</subfield>
    <subfield code="b">v</subfield>
  </datafield>
  <datafield tag="338" ind1=" " ind2=" ">
    <subfield code="2">rdacarrier</subfield>
    <subfield code="a">volume</subfield>
    <subfield code="b">nc</subfield>
  </datafield>
  <datafield tag="338" ind1=" " ind2=" ">
    <subfield code="2">rdacarrier</subfield>
    <subfield code="a">computer disc</subfield>
    <subfield code="b">cd</subfield>
  </datafield>
  <datafield tag="500" ind1=" " ind2=" ">
    <subfield code="a">In slip case.</subfield>
  </datafield>
  <datafield tag="505" ind1="0" ind2=" ">
    <subfield code="a">I. Detailed door graphs, Double doors, Sliding door, Sample door, Doorknobs, Door lock, European style window, Chinese style window, Window, Curtain, Flooring -- II. Wardrobe, Bookcase, Wine cabinet, Shoe cabinet, Adornment ark cabinet, Sofa, Table and chair, Desk, Tea table, Ware -- III. Metal ceiling, Western style ceiling, Modern style ceiling, Chinese style ceiling, Glass curtain wall, Stone curtain wall, Glass staircase, Metal staircase, Railing and armrest, Wooden staircase, Wood trim column, Aluminium - plastic composite panel column, Stone column, Statue -- IV. TV wall, Decoration wall, Hallway, Bar counter, Ornament, Figure, Sport, Electrical equipment, Musical instrument, Mirror, Bath product, Kitchen ware, Plants, Bonsai.</subfield>
  </datafield>
  <datafield tag="546" ind1=" " ind2=" ">
    <subfield code="a">Text in English and Chinese.</subfield>
  </datafield>
  <datafield tag="650" ind1=" " ind2="7">
    <subfield code="a">Interior architecture</subfield>
    <subfield code="x">Computer-aided design.</subfield>
    <subfield code="2">BUEsh</subfield>
  </datafield>
  <datafield tag="651" ind1=" " ind2=" ">
    <subfield code="2">BUEsh</subfield>
  </datafield>
  <datafield tag="653" ind1=" " ind2=" ">
    <subfield code="b">ENGARC</subfield>
    <subfield code="c">December2016</subfield>
  </datafield>
  <datafield tag="655" ind1=" " ind2=" ">
    <subfield code="v">Reading book</subfield>
  </datafield>
  <datafield tag="700" ind1="1" ind2=" ">
    <subfield code="a">Yu, Wang,</subfield>
    <subfield code="e">editor.</subfield>
  </datafield>
  <datafield tag="942" ind1=" " ind2=" ">
    <subfield code="2">ddc</subfield>
    <subfield code="c">BB</subfield>
  </datafield>
  <datafield tag="999" ind1=" " ind2=" ">
    <subfield code="c">23755</subfield>
    <subfield code="d">23727</subfield>
  </datafield>
  <datafield tag="952" ind1=" " ind2=" ">
    <subfield code="0">0</subfield>
    <subfield code="1">0</subfield>
    <subfield code="2">ddc</subfield>
    <subfield code="4">0</subfield>
    <subfield code="7">0</subfield>
    <subfield code="8">IMC</subfield>
    <subfield code="a">MAIN</subfield>
    <subfield code="b">MAIN</subfield>
    <subfield code="c">2ND</subfield>
    <subfield code="d">2016-12-27</subfield>
    <subfield code="e">Purchase</subfield>
    <subfield code="g">1200.00</subfield>
    <subfield code="h">2547</subfield>
    <subfield code="l">0</subfield>
    <subfield code="o">729.0285536 INT</subfield>
    <subfield code="p">000040617</subfield>
    <subfield code="r">2025-07-15 00:00:00</subfield>
    <subfield code="v">1500.00</subfield>
    <subfield code="y">NB</subfield>
    <subfield code="z">VOL. 1.</subfield>
  </datafield>
  <datafield tag="952" ind1=" " ind2=" ">
    <subfield code="0">0</subfield>
    <subfield code="1">0</subfield>
    <subfield code="2">ddc</subfield>
    <subfield code="4">0</subfield>
    <subfield code="7">0</subfield>
    <subfield code="8">IMC</subfield>
    <subfield code="a">MAIN</subfield>
    <subfield code="b">MAIN</subfield>
    <subfield code="c">2ND</subfield>
    <subfield code="d">2016-12-27</subfield>
    <subfield code="e">Purchase</subfield>
    <subfield code="g">1200.00</subfield>
    <subfield code="h">2547</subfield>
    <subfield code="l">0</subfield>
    <subfield code="o">729.0285536 INT</subfield>
    <subfield code="p">000040618</subfield>
    <subfield code="r">2025-07-15 00:00:00</subfield>
    <subfield code="v">1500.00</subfield>
    <subfield code="w">2016-12-27</subfield>
    <subfield code="y">NB</subfield>
    <subfield code="z">VOL. 2.</subfield>
  </datafield>
  <datafield tag="952" ind1=" " ind2=" ">
    <subfield code="0">0</subfield>
    <subfield code="1">0</subfield>
    <subfield code="2">ddc</subfield>
    <subfield code="4">0</subfield>
    <subfield code="7">0</subfield>
    <subfield code="8">IMC</subfield>
    <subfield code="a">MAIN</subfield>
    <subfield code="b">MAIN</subfield>
    <subfield code="c">2ND</subfield>
    <subfield code="d">2016-12-27</subfield>
    <subfield code="e">Purchase</subfield>
    <subfield code="g">1200.00</subfield>
    <subfield code="h">2547</subfield>
    <subfield code="l">0</subfield>
    <subfield code="o">729.0285536 INT</subfield>
    <subfield code="p">000040619</subfield>
    <subfield code="r">2025-07-15 00:00:00</subfield>
    <subfield code="v">1500.00</subfield>
    <subfield code="y">NB</subfield>
    <subfield code="z">VOL. 3.</subfield>
  </datafield>
  <datafield tag="952" ind1=" " ind2=" ">
    <subfield code="0">0</subfield>
    <subfield code="1">0</subfield>
    <subfield code="2">ddc</subfield>
    <subfield code="4">0</subfield>
    <subfield code="7">0</subfield>
    <subfield code="8">IMC</subfield>
    <subfield code="a">MAIN</subfield>
    <subfield code="b">MAIN</subfield>
    <subfield code="c">2ND</subfield>
    <subfield code="d">2016-12-27</subfield>
    <subfield code="e">Purchase</subfield>
    <subfield code="g">1200.00</subfield>
    <subfield code="h">2547</subfield>
    <subfield code="l">0</subfield>
    <subfield code="o">729.0285536 INT</subfield>
    <subfield code="p">000040620</subfield>
    <subfield code="r">2025-07-15 00:00:00</subfield>
    <subfield code="v">1500.00</subfield>
    <subfield code="w">2016-12-27</subfield>
    <subfield code="y">NB</subfield>
    <subfield code="z">VOL. 4.</subfield>
  </datafield>
  <datafield tag="952" ind1=" " ind2=" ">
    <subfield code="0">0</subfield>
    <subfield code="1">0</subfield>
    <subfield code="2">ddc</subfield>
    <subfield code="4">0</subfield>
    <subfield code="7">0</subfield>
    <subfield code="8">IMC</subfield>
    <subfield code="a">MAIN</subfield>
    <subfield code="b">MAIN</subfield>
    <subfield code="c">2ND</subfield>
    <subfield code="d">2016-12-27</subfield>
    <subfield code="e">Purchase</subfield>
    <subfield code="g">1200.00</subfield>
    <subfield code="h">2547</subfield>
    <subfield code="l">0</subfield>
    <subfield code="o">729.0285536 INT</subfield>
    <subfield code="p">000040621</subfield>
    <subfield code="r">2022-08-24 00:00:00</subfield>
    <subfield code="v">1500.00</subfield>
    <subfield code="w">2016-12-27</subfield>
    <subfield code="y">CDVDWNB</subfield>
  </datafield>
</record>
